[Event "Split Open 2017"]
[Site "Split CRO"]
[Date "2017.08.21"]
[Round "3.2"]
[White "Srebrnic, Ana"]
[Black "Saric, Ante"]
[Result "0-1"]
[WhiteElo "2223"]
[BlackElo "2538"]
[PlyCount "140"]
[EventDate "2017.08.20"]
[EventType "swiss"]
[EventRounds "9"]
[EventCountry "CRO"]
[SourceTitle "Ajedrez en Madrid"]
[Source "lmi"]
[SourceDate "2017.08.20"]
[SourceVersion "1"]
[SourceVersionDate "2018.03.10"]
[SourceQuality "1"]

1. Nf3 d5 2. d4 Nf6 3. c4 e6 4. Nc3 dxc4 5. e3 a6 6. a4 b6 7. Bxc4 Bb7 8. Qe2
Bb4 9. O-O O-O 10. Na2 Bd6 11. Nc3 c5 12. dxc5 Bxc5 13. e4 Bb4 14. Bd3 Nbd7 15.
Rd1 Bxc3 16. bxc3 Qc7 17. Bg5 Nc5 18. Bxf6 gxf6 19. Nd4 Kh8 20. Qe3 Rg8 21. f3
Rg5 22. Bf1 Rag8 23. Ne2 a5 24. Qd4 Kg7 25. Qd6 Rc8 26. h4 Re5 27. c4 Ba6 28.
Nc3 Nb7 29. Qxc7 Rxc7 30. Rab1 Rc6 31. Nb5 Bxb5 32. axb5 Rc7 33. Kf2 Kf8 34.
Rb2 Ke7 35. Rbd2 Rh5 36. g3 Rh6 37. Ke3 Rg6 38. g4 Rg8 39. Be2 h6 40. f4 Rd8
41. Rxd8 Nxd8 42. e5 fxe5 43. fxe5 Nb7 44. Bf3 Nc5 45. Bc6 a4 46. Ra1 Rc8 47.
Bf3 Rd8 48. Be2 f6 49. exf6+ Kxf6 50. Rf1+ Ke5 51. Ra1 Rd4 52. g5 Rxh4 53. Rg1
hxg5 54. Rxg5+ Kd6 55. Rg8 Nb3 56. Ra8 Na5 57. Rb8 Kc7 58. Ra8 Nxc4+ 59. Bxc4
Rxc4 60. Kd3 Rb4 61. Ra6 Rxb5 62. Rxa4 Rd5+ 63. Ke4 Ra5 64. Rc4+ Rc5 65. Ra4
Kb7 66. Rd4 b5 67. Rd6 Rc6 68. Rd7+ Ka6 69. Rd8 Ka5 70. Kd4 Ka4 0-1

[Event "Split Open 2017"]
[Site "Split CRO"]
[Date "2017.08.21"]
[Round "3.3"]
[White "Dobrowolski, Piotr"]
[Black "Olcum, Ahmet"]
[Result "1-0"]
[WhiteElo "2423"]
[BlackElo "2187"]
[PlyCount "85"]
[EventDate "2017.08.20"]
[EventType "swiss"]
[EventRounds "9"]
[EventCountry "CRO"]
[SourceTitle "Ajedrez en Madrid"]
[Source "lmi"]
[SourceDate "2017.08.20"]
[SourceVersion "1"]
[SourceVersionDate "2018.03.10"]
[SourceQuality "1"]

1. d4 d6 2. Nf3 g6 3. c4 Bg7 4. Nc3 Nd7 5. e4 e5 6. Be2 Ngf6 7. O-O O-O 8. Qc2
exd4 9. Nxd4 Nc5 10. Rd1 Re8 11. f3 a5 12. Ndb5 Bd7 13. Be3 b6 14. Qd2 Bc6 15.
Bf1 Qd7 16. Rab1 Nh5 17. Nd5 Bxd5 18. cxd5 f5 19. exf5 gxf5 20. Nd4 Be5 21. Bb5
Qf7 22. Bxe8 Rxe8 23. Nc6 Nd7 24. Re1 Nhf6 25. Rbd1 Qh5 26. Bf4 Kh8 27. Bxe5
dxe5 28. d6 cxd6 29. Qxd6 e4 30. fxe4 fxe4 31. Rf1 Qg5 32. Qd4 e3 33. Rde1 Re4
34. Qd6 h5 35. Nd4 Kh7 36. Re2 h4 37. Nf3 Qg8 38. Rfe1 h3 39. g3 Qg4 40. Rxe3
Qxf3 41. Rxf3 Rxe1+ 42. Rf1 Rxf1+ 43. Kxf1 1-0

[Event "Split Open 2017"]
[Site "Split CRO"]
[Date "2017.08.21"]
[Round "3.4"]
[White "Talyansky, Seth D"]
[Black "Plenkovic, Zdenko"]
[Result "1/2-1/2"]
[WhiteElo "2202"]
[BlackElo "2417"]
[PlyCount "81"]
[EventDate "2017.08.20"]
[EventType "swiss"]
[EventRounds "9"]
[EventCountry "CRO"]
[SourceTitle "Ajedrez en Madrid"]
[Source "lmi"]
[SourceDate "2017.08.20"]
[SourceVersion "1"]
[SourceVersionDate "2018.03.10"]
[SourceQuality "1"]

1. e4 c5 2. Nf3 a6 3. c3 d6 4. d4 Nf6 5. dxc5 Nc6 6. Bc4 dxc5 7. Qxd8+ Nxd8 8.
e5 Nd7 9. a4 e6 10. h4 Nc6 11. Bf4 Na5 12. Be2 Nb6 13. Nbd2 Bd7 14. c4 Bc6 15.
b3 Be7 16. h5 O-O-O 17. h6 g6 18. O-O-O Bxf3 19. Bxf3 Rd4 20. Be3 Rd3 21. Kc2
Rxe3 22. fxe3 Nd7 23. Ne4 Nxe5 24. Nf2 Bg5 25. Rde1 f5 26. Nh3 Bxh6 27. Nf4
Bxf4 28. exf4 Nxf3 29. gxf3 Nc6 30. Rh6 e5 31. fxe5 Nd4+ 32. Kc3 Nxf3 33. Reh1
Nxe5 34. Rxh7 Rxh7 35. Rxh7 g5 36. Kd2 a5 37. Ke3 Ng4+ 38. Kf3 Ne5+ 39. Ke3
Ng4+ 40. Kf3 Ne5+ 41. Ke3 1/2-1/2

[Event "Split Open 2017"]
[Site "Split CRO"]
[Date "2017.08.21"]
[Round "3.5"]
[White "Srbis, Jurica"]
[Black "Bozanic, Ivica"]
[Result "1-0"]
[WhiteElo "2417"]
[BlackElo "2160"]
[PlyCount "127"]
[EventDate "2017.08.20"]
[EventType "swiss"]
[EventRounds "9"]
[EventCountry "CRO"]
[SourceTitle "Ajedrez en Madrid"]
[Source "lmi"]
[SourceDate "2017.08.20"]
[SourceVersion "1"]
[SourceVersionDate "2018.03.10"]
[SourceQuality "1"]

1. d4 g6 2. e4 Bg7 3. Nc3 c6 4. Nf3 d5 5. h3 Nh6 6. e5 f6 7. Bf4 Nf7 8. Qd2 a5
9. exf6 exf6 10. Qe3+ Qe7 11. Qxe7+ Kxe7 12. O-O-O Re8 13. Bd3 Kf8 14. Rhe1
Rxe1 15. Rxe1 Bh6 16. Bxh6+ Nxh6 17. Na4 Nd7 18. g4 Nf7 19. h4 b5 20. Nc3 Nb6
21. Rg1 Bd7 22. h5 Kg7 23. hxg6 hxg6 24. Ne2 g5 25. Ng3 Nd6 26. Nh5+ Kf7 27.
Nd2 Rh8 28. f3 Nbc8 29. Re1 Re8 30. Rh1 Rh8 31. Rf1 a4 32. b3 axb3 33. axb3 b4
34. Kb2 Na7 35. Ng3 Nab5 36. Ne2 Rh2 37. Kc1 Ke7 38. Rg1 Kf7 39. Kd1 Ke7 40.
Ke1 Kf7 41. Nf1 Rh8 42. Kf2 f5 43. gxf5 Bxf5 44. Bxb5 Nxb5 45. Ne3 Kf6 46. Re1
Ra8 47. Rh1 Bg6 48. Rc1 Ra2 49. Ke1 Bh5 50. Kd2 Bg6 51. Ng4+ Ke6 52. Ne5 Nxd4
53. Nxd4+ Kxe5 54. Nxc6+ Kf4 55. Nxb4 Ra5 56. Nc6 Ra2 57. Nd4 Bh5 58. Ne6+ Kxf3
59. Nxg5+ Kf4 60. Ne6+ Ke5 61. Re1+ Kd6 62. Nd4 Kc5 63. Kc3 Ra3 64. Re6 1-0

[Event "Split Open 2017"]
[Site "Split CRO"]
[Date "2017.08.21"]
[Round "3.6"]
[White "Karabaic, Ivan"]
[Black "Burdalev, Kirill"]
[Result "1/2-1/2"]
[WhiteElo "2166"]
[BlackElo "2368"]
[PlyCount "85"]
[EventDate "2017.08.20"]
[EventType "swiss"]
[EventRounds "9"]
[EventCountry "CRO"]
[SourceTitle "Ajedrez en Madrid"]
[Source "lmi"]
[SourceDate "2017.08.20"]
[SourceVersion "1"]
[SourceVersionDate "2018.03.10"]
[SourceQuality "1"]

1. Nf3 d5 2. g3 c6 3. Bg2 Bg4 4. d3 Nd7 5. Nbd2 e5 6. c4 d4 7. O-O Ngf6 8. Rb1
a5 9. Ng5 Be7 10. f4 exf4 11. Rxf4 O-O 12. Nde4 Bh5 13. Nxf6+ Bxf6 14. Ne4 Be5
15. Rf2 f5 16. Ng5 Nc5 17. Qf1 h6 18. Nf3 Bf6 19. Bd2 Re8 20. b3 Qd7 21. Kh1
Kh7 22. Ng1 g6 23. Bh3 Kg7 24. Bxf5 gxf5 25. Rxf5 Rf8 26. Qf4 Bg5 27. Rxg5+
hxg5 28. Qxg5+ Bg6 29. Qh6+ Kf7 30. Rf1+ Kg8 31. Qxg6+ Qg7 32. Rxf8+ Rxf8 33.
Qh5 Qe7 34. Qg6+ Kh8 35. Bf4 Rf6 36. Qh5+ Kg8 37. Bg5 Qf7 38. Qg4 Rg6 39. Nf3
Ne6 40. h4 Nxg5 41. Nxg5 Qf1+ 42. Kh2 Qf2+ 43. Kh3 1/2-1/2

[Event "Split Open 2017"]
[Site "Split CRO"]
[Date "2017.08.21"]
[Round "3.7"]
[White "Berke, Ana"]
[Black "Lamorelle, Julien"]
[Result "0-1"]
[WhiteElo "2160"]
[BlackElo "2358"]
[PlyCount "88"]
[EventDate "2017.08.20"]
[EventType "swiss"]
[EventRounds "9"]
[EventCountry "CRO"]
[SourceTitle "Ajedrez en Madrid"]
[Source "lmi"]
[SourceDate "2017.08.20"]
[SourceVersion "1"]
[SourceVersionDate "2018.03.10"]
[SourceQuality "1"]

1. e4 c5 2. Nf3 e6 3. c4 Nc6 4. Be2 Nf6 5. Nc3 d5 6. exd5 exd5 7. d4 Be6 8.
cxd5 Nxd5 9. O-O Be7 10. dxc5 Nxc3 11. bxc3 Bxc5 12. Bf4 O-O 13. Ng5 Bf5 14.
Bc4 Qf6 15. Qd5 Bb6 16. Ne4 Bxe4 17. Qxe4 Rfe8 18. Qf3 Ne5 19. Bxe5 Qxf3 20.
gxf3 Rxe5 21. Rfe1 Rc5 22. Bb3 Rxc3 23. Kg2 Rc7 24. Rac1 Rxc1 25. Rxc1 Rd8 26.
f4 Kf8 27. Kf3 Ke7 28. Ke4 g6 29. Bd5 f5+ 30. Ke5 Rd7 31. Re1 Bxf2 32. Re2 Bc5
33. h4 Bd6+ 34. Kd4+ Kf6 35. Rf2 b6 36. Rf3 Rc7 37. Bg8 Rc2 38. Kd5 Rd2+ 39.
Kc6 Rd4 40. Bxh7 Kg7 41. Bxg6 Kxg6 42. Rg3+ Kf6 43. h5 Bxf4 44. Rg6+ Kf7 0-1

[Event "Split Open 2017"]
[Site "Split CRO"]
[Date "2017.08.21"]
[Round "3.8"]
[White "Armanda, Ivica"]
[Black "Maes, Wim"]
[Result "1/2-1/2"]
[WhiteElo "2335"]
[BlackElo "2153"]
[PlyCount "87"]
[EventDate "2017.08.20"]
[EventType "swiss"]
[EventRounds "9"]
[EventCountry "CRO"]
[SourceTitle "Ajedrez en Madrid"]
[Source "lmi"]
[SourceDate "2017.08.20"]
[SourceVersion "1"]
[SourceVersionDate "2018.03.10"]
[SourceQuality "1"]

1. e4 c5 2. Nf3 e6 3. d4 cxd4 4. Nxd4 Nc6 5. Nc3 Qc7 6. Be2 a6 7. O-O Nf6 8.
Be3 Bb4 9. f4 Bxc3 10. bxc3 Nxe4 11. Bf3 d5 12. Bxe4 dxe4 13. Nxc6 Qxc6 14. Bd4
O-O 15. Qh5 Qd5 16. Qh4 f6 17. Rae1 Bd7 18. a3 Bc6 19. Qf2 e5 20. Bc5 e3 21.
Bxe3 exf4 22. Bxf4 Rae8 23. Qg3 Rxe1 24. Rxe1 Re8 25. Rxe8+ Bxe8 26. Qf3 Qxf3
27. gxf3 Ba4 28. Bd6 Kf7 29. Kf2 Bxc2 30. Ke3 Ba4 31. f4 Ke6 32. Bf8 g6 33. h4
Bc6 34. Bb4 Kf5 35. Be7 h6 36. Bd8 Ke6 37. Kd4 Kf5 38. Ke3 g5 39. fxg5 fxg5 40.
hxg5 hxg5 41. Bc7 g4 42. Bb8 Ke6 43. Kd4 Kf5 44. Bg3 1/2-1/2

[Event "Split Open 2017"]
[Site "Split CRO"]
[Date "2017.08.21"]
[Round "3.9"]
[White "Marn, Jan"]
[Black "Ruff, Maximilian"]
[Result "1/2-1/2"]
[WhiteElo "2146"]
[BlackElo "2304"]
[PlyCount "94"]
[EventDate "2017.08.20"]
[EventType "swiss"]
[EventRounds "9"]
[EventCountry "CRO"]
[SourceTitle "Ajedrez en Madrid"]
[Source "lmi"]
[SourceDate "2017.08.20"]
[SourceVersion "1"]
[SourceVersionDate "2018.03.10"]
[SourceQuality "1"]

1. d4 Nf6 2. c4 e6 3. Nc3 d5 4. cxd5 exd5 5. Bg5 c6 6. e3 Be7 7. Qc2 Nbd7 8.
Bd3 Nh5 9. Bxe7 Qxe7 10. Nge2 g6 11. O-O O-O 12. Rab1 Nb6 13. b4 a6 14. a4 Be6
15. a5 Nc8 16. Na4 Nd6 17. Nc5 Bf5 18. Bxf5 gxf5 19. Rfe1 Rae8 20. Nc3 Kh8 21.
Qe2 Qh4 22. Qf3 Rg8 23. Ne2 Qg5 24. Nf4 Nf6 25. Nfd3 Nfe4 26. Rb2 Nc4 27. Ra2
Rg6 28. Nf4 Rg7 29. Nxe4 fxe4 30. Qh3 Reg8 31. g3 Qe7 32. Rb1 Rg4 33. Kh1 f5
34. Qh6 Nd6 35. Qe6 Qxe6 36. Nxe6 R4g6 37. Nf4 R6g7 38. Kg2 Re8 39. Kf1 Rge7
40. Ke2 Kg7 41. Raa1 Kh8 42. Rh1 Rg8 43. Rhg1 Reg7 44. h3 Ne8 45. Ne6 Rg6 46.
Nf4 R6g7 47. Ng2 Nf6 1/2-1/2

[Event "Split Open 2017"]
[Site "Split CRO"]
[Date "2017.08.21"]
[Round "3.10"]
[White "Sokac, Marko"]
[Black "Tomas, Ante"]
[Result "1/2-1/2"]
[WhiteElo "2275"]
[BlackElo "2135"]
[PlyCount "111"]
[EventDate "2017.08.20"]
[EventType "swiss"]
[EventRounds "9"]
[EventCountry "CRO"]
[SourceTitle "Ajedrez en Madrid"]
[Source "lmi"]
[SourceDate "2017.08.20"]
[SourceVersion "1"]
[SourceVersionDate "2018.03.10"]
[SourceQuality "1"]

1. e4 e5 2. Nf3 Nc6 3. Bb5 a6 4. Ba4 Nf6 5. d3 Bc5 6. O-O b5 7. Bb3 O-O 8. c3
d6 9. Nbd2 Bg4 10. Re1 Ne7 11. h3 Bh5 12. Nf1 Bb6 13. Bg5 Bxf3 14. Qxf3 Ng6 15.
Ng3 h6 16. Bxf6 Qxf6 17. Qxf6 gxf6 18. Nh5 Nf4 19. Nxf4 exf4 20. Bd5 Rab8 21.
Kf1 b4 22. cxb4 Bd4 23. a3 c5 24. Ra2 cxb4 25. axb4 Rxb4 26. b3 Rc8 27. Bc4 Rc6
28. Ke2 Kg7 29. Kf3 a5 30. Ree2 Rc5 31. Ra3 f5 32. Bd5 fxe4+ 33. dxe4 f5 34.
Bc4 fxe4+ 35. Rxe4 Be5 36. Ra2 Kf6 37. Kg4 d5 38. Bxd5 Rxd5 39. Rxa5 h5+ 40.
Kh4 Rxa5 41. Rxb4 Ra2 42. Rb6+ Ke7 43. Kxh5 Rxf2 44. Rg6 Rb2 45. Rg5 Kf6 46.
Rg6+ Kf5 47. Rg5+ Ke6 48. Rg6+ Bf6 49. Rg4 Kf5 50. g3 Be5 51. Rg5+ Ke4 52. gxf4
Kxf4 53. b4 Bf6 54. Ra5 Rxb4 55. Kg6 Rb6 56. Rf5+ 1/2-1/2

[Event "Split Open 2017"]
[Site "Split CRO"]
[Date "2017.08.22"]
[Round "4.1"]
[White "Lamorelle, Julien"]
[Black "Martinovic, Sasa"]
[Result "0-1"]
[WhiteElo "2358"]
[BlackElo "2570"]
[PlyCount "138"]
[EventDate "2017.08.20"]
[EventType "swiss"]
[EventRounds "9"]
[EventCountry "CRO"]
[SourceTitle "Ajedrez en Madrid"]
[Source "lmi"]
[SourceDate "2017.08.20"]
[SourceVersion "1"]
[SourceVersionDate "2018.03.10"]
[SourceQuality "1"]

1. e4 e6 2. d4 d5 3. Bd3 dxe4 4. Bxe4 Nf6 5. Bf3 c5 6. Ne2 Be7 7. Nbc3 O-O 8.
O-O Nc6 9. Be3 Qa5 10. Bxc6 bxc6 11. dxc5 Ng4 12. Bd2 Qxc5 13. h3 Nf6 14. Be3
Qb4 15. Qd4 c5 16. Qe5 Qxb2 17. Rab1 Qxc2 18. Rfc1 Qf5 19. Qxf5 exf5 20. Nb5 a6
21. Na3 Be6 22. Bxc5 Bxc5 23. Rxc5 Bxa2 24. Ra1 Be6 25. Ra5 Ne4 26. Nd4 g6 27.
Nab5 Bc8 28. Nc7 Rb8 29. Nxa6 Rb2 30. R5a2 Rxa2 31. Rxa2 Rd8 32. Nc6 Rd1+ 33.
Kh2 Bxa6 34. Rxa6 Nxf2 35. Ra2 Rh1+ 36. Kg3 Ne4+ 37. Kf3 Rf1+ 38. Ke3 Re1+ 39.
Kf4 Nd6 40. Kf3 Nc4 41. Rc2 Re4 42. Kf2 Kg7 43. Ra2 h5 44. Ra7 h4 45. Nd8 Ne5
46. Kf1 g5 47. Ne6+ Kg6 48. Nf8+ Kh6 49. Nd7 Nd3 50. Ra6+ Re6 51. Ra1 g4 52.
Rd1 Re3 53. hxg4 fxg4 54. Nf6 Kg5 55. Nd5 Rg3 56. Rd2 f5 57. Re2 Nf4 58. Nxf4
Kxf4 59. Kf2 h3 60. gxh3 Rxh3 61. Kg2 Ra3 62. Rb2 Rd3 63. Re2 Rd5 64. Kf2 g3+
65. Kg2 Kg4 66. Re8 Rd2+ 67. Kf1 Kf3 68. Re1 g2+ 69. Kg1 Rf2 0-1

[Event "Split Open 2017"]
[Site "Split CRO"]
[Date "2017.08.22"]
[Round "4.2"]
[White "Saric, Ante"]
[Black "Veres, Andrej"]
[Result "1-0"]
[WhiteElo "2538"]
[BlackElo "2255"]
[PlyCount "59"]
[EventDate "2017.08.20"]
[EventType "swiss"]
[EventRounds "9"]
[EventCountry "CRO"]
[SourceTitle "Ajedrez en Madrid"]
[Source "lmi"]
[SourceDate "2017.08.20"]
[SourceVersion "1"]
[SourceVersionDate "2018.03.10"]
[SourceQuality "1"]

1. d4 Nf6 2. c4 e6 3. g3 d5 4. Bg2 b6 5. cxd5 exd5 6. Nc3 Bb7 7. Nf3 Be7 8. Ne5
O-O 9. O-O Na6 10. b3 c5 11. Bb2 Ne4 12. Nxe4 dxe4 13. Qb1 cxd4 14. Bxe4 Bxe4
15. Qxe4 Bf6 16. Ng4 Re8 17. Qf3 Nc5 18. Rfd1 h5 19. Nxf6+ Qxf6 20. Qxf6 gxf6
21. Kf1 Rac8 22. Bxd4 Ne4 23. f3 Nd6 24. Rac1 f5 25. Rxc8 Nxc8 26. Bb2 Kh7 27.
Rc1 Nd6 28. Rc7 Rc8 29. Rxa7 Rc2 30. Be5 1-0

[Event "Split Open 2017"]
[Site "Split CRO"]
[Date "2017.08.22"]
[Round "4.3"]
[White "Biliskov, Vjekoslav"]
[Black "Dobrowolski, Piotr"]
[Result "1/2-1/2"]
[WhiteElo "2247"]
[BlackElo "2423"]
[PlyCount "70"]
[EventDate "2017.08.20"]
[EventType "swiss"]
[EventRounds "9"]
[EventCountry "CRO"]
[SourceTitle "Ajedrez en Madrid"]
[Source "lmi"]
[SourceDate "2017.08.20"]
[SourceVersion "1"]
[SourceVersionDate "2018.03.10"]
[SourceQuality "1"]

1. e4 e6 2. d4 d5 3. Nc3 Nf6 4. e5 Nfd7 5. f4 c5 6. Nf3 Nc6 7. Be3 Be7 8. Qd2
O-O 9. Be2 a6 10. O-O b5 11. Nd1 b4 12. Nf2 a5 13. dxc5 Nxc5 14. Nd4 Nxd4 15.
Bxd4 Ba6 16. Rfe1 Bxe2 17. Rxe2 Qc7 18. Rf1 Ra6 19. g4 f5 20. exf6 Bxf6 21.
Bxf6 Rxf6 22. f5 Rh6 23. Nd3 Ne4 24. Qf4 Qd8 25. fxe6 Rf6 26. e7 Qxe7 27. Qb8+
Qf8 28. Qxf8+ Kxf8 29. Nf4 Rad6 30. Nxd5 Rxd5 31. Rxe4 Rxf1+ 32. Kxf1 Rd2 33.
Re2 Rd1+ 34. Re1 Rd2 35. Re2 Rd1+ 1/2-1/2

[Event "Split Open 2017"]
[Site "Split CRO"]
[Date "2017.08.22"]
[Round "4.4"]
[White "Jerkovic, Maroje"]
[Black "Srbis, Jurica"]
[Result "0-1"]
[WhiteElo "2109"]
[BlackElo "2417"]
[PlyCount "116"]
[EventDate "2017.08.20"]
[EventType "swiss"]
[EventRounds "9"]
[EventCountry "CRO"]
[SourceTitle "Ajedrez en Madrid"]
[Source "lmi"]
[SourceDate "2017.08.20"]
[SourceVersion "1"]
[SourceVersionDate "2018.03.10"]
[SourceQuality "1"]

1. e4 e5 2. f4 exf4 3. Nc3 Ne7 4. d4 Ng6 5. Nf3 Be7 6. Bc4 Bh4+ 7. Kf1 c6 8. g3
Be7 9. Kg2 d5 10. exd5 O-O 11. Ne5 b5 12. Bb3 b4 13. Ne2 Bf5 14. Re1 Nxe5 15.
dxe5 Be4+ 16. Kf1 fxg3 17. Nxg3 Bxd5 18. Qg4 f5 19. exf6 Bxf6 20. Kg1 Bxb3 21.
axb3 Qd4+ 22. Qxd4 Bxd4+ 23. Be3 Bxb2 24. Rxa7 Rxa7 25. Bxa7 Nd7 26. Re7 Rd8
27. Re6 Ne5 28. Ne4 h6 29. Bc5 Rd1+ 30. Kf2 Rc1 31. Bxb4 Rxc2+ 32. Kg3 Re2 33.
Nd2 Re3+ 34. Kf4 Re1 35. Kg3 Rg1+ 36. Kh3 Nd3 37. Bd6 Nf2+ 38. Kh4 Bf6+ 39.
Rxf6 gxf6 40. Bg3 Rd1 41. Nc4 Ne4 42. Bf4 Kh7 43. Kg4 Kg6 44. Kf3 Nc5 45. b4
Na6 46. Bd2 Rb1 47. Na5 Nxb4 48. Bxb4 Rxb4 49. Nxc6 Ra4 50. Ne7+ Kg5 51. Nd5
Ra3+ 52. Ne3 f5 53. Kf2 f4 54. Ng2 Kg4 55. Ne1 Ra2+ 56. Kg1 f3 57. Nd3 Rg2+ 58.
Kh1 Re2 0-1

[Event "Split Open 2017"]
[Site "Split CRO"]
[Date "2017.08.22"]
[Round "4.5"]
[White "Plenkovic, Zdenko"]
[Black "Muha, Miljenko"]
[Result "0-1"]
[WhiteElo "2417"]
[BlackElo "2252"]
[PlyCount "58"]
[EventDate "2017.08.20"]
[EventType "swiss"]
[EventRounds "9"]
[EventCountry "CRO"]
[SourceTitle "Ajedrez en Madrid"]
[Source "lmi"]
[SourceDate "2017.08.20"]
[SourceVersion "1"]
[SourceVersionDate "2018.03.10"]
[SourceQuality "1"]

1. c4 Nf6 2. Nc3 d5 3. cxd5 Nxd5 4. e4 Nxc3 5. bxc3 g6 6. h4 Bg7 7. Ba3 b6 8.
Nf3 c5 9. h5 Bb7 10. h6 Bf8 11. Ne5 a6 12. Bc4 e6 13. Qf3 f6 14. Ng4 f5 15. Qf4
Bd6 16. e5 Bc7 17. Ne3 Nc6 18. d4 cxd4 19. Nxf5 exf5 20. O-O-O Bxe5 21. Rhe1
Qe7 22. Rxe5 Qxe5 23. Qh4 Rd8 24. f4 Qa5 25. Bb2 Kd7 26. cxd4 Nb4 27. Qf6 Bd5
28. Qg7+ Kc8 29. Bxd5 Qxd5 0-1

[Event "Split Open 2017"]
[Site "Split CRO"]
[Date "2017.08.22"]
[Round "4.6"]
[White "Burdalev, Kirill"]
[Black "Sokac, Marko"]
[Result "1-0"]
[WhiteElo "2368"]
[BlackElo "2275"]
[PlyCount "53"]
[EventDate "2017.08.20"]
[EventType "swiss"]
[EventRounds "9"]
[EventCountry "CRO"]
[SourceTitle "Ajedrez en Madrid"]
[Source "lmi"]
[SourceDate "2017.08.20"]
[SourceVersion "1"]
[SourceVersionDate "2018.03.10"]
[SourceQuality "1"]

1. Nf3 c5 2. c4 g6 3. e4 Bg7 4. d4 cxd4 5. Nxd4 Nc6 6. Be3 Nf6 7. Nc3 Ng4 8.
Qxg4 Nxd4 9. Qd1 Ne6 10. Rc1 b6 11. Qd2 Bb7 12. b4 Bc6 13. Be2 d6 14. O-O Qc8
15. f4 Qb7 16. b5 Bd7 17. e5 Rd8 18. exd6 exd6 19. f5 gxf5 20. Rxf5 Nc5 21. Rg5
Be5 22. Bf3 Qc8 23. Rxe5+ dxe5 24. Qd6 Qb8 25. Qf6 O-O 26. Bh6 Ne6 27. Bg4 1-0

[Event "Split Open 2017"]
[Site "Split CRO"]
[Date "2017.08.22"]
[Round "4.8"]
[White "Gjuran, Denis"]
[Black "Talyansky, Seth D"]
[Result "1/2-1/2"]
[WhiteElo "2342"]
[BlackElo "2202"]
[PlyCount "44"]
[EventDate "2017.08.20"]
[EventType "swiss"]
[EventRounds "9"]
[EventCountry "CRO"]
[SourceTitle "Ajedrez en Madrid"]
[Source "lmi"]
[SourceDate "2017.08.20"]
[SourceVersion "1"]
[SourceVersionDate "2018.03.10"]
[SourceQuality "1"]

1. e4 e5 2. Nf3 Nc6 3. Bc4 Bc5 4. O-O Nf6 5. d3 d6 6. c3 a6 7. Bb3 Ba7 8. h3 h6
9. Re1 g5 10. Nh2 g4 11. hxg4 Rg8 12. g5 hxg5 13. Be3 Bxe3 14. Rxe3 g4 15. Nd2
Nh5 16. Ndf1 Nf4 17. Qd2 Ne7 18. d4 Neg6 19. Rg3 Nh5 20. Re3 Nhf4 21. Rg3 Nh5
22. Re3 Nhf4 1/2-1/2

[Event "Split Open 2017"]
[Site "Split CRO"]
[Date "2017.08.22"]
[Round "4.9"]
[White "Tomas, Ante"]
[Black "Armanda, Ivica"]
[Result "0-1"]
[WhiteElo "2135"]
[BlackElo "2335"]
[PlyCount "105"]
[EventDate "2017.08.20"]
[EventType "swiss"]
[EventRounds "9"]
[EventCountry "CRO"]
[SourceTitle "Ajedrez en Madrid"]
[Source "lmi"]
[SourceDate "2017.08.20"]
[SourceVersion "1"]
[SourceVersionDate "2018.03.10"]
[SourceQuality "1"]

1. e4 c5 2. c3 g6 3. d4 cxd4 4. cxd4 d5 5. Nc3 dxe4 6. Bc4 Nf6 7. Qb3 e6 8. d5
exd5 9. Nxd5 Nxd5 10. Bxd5 Bb4+ 11. Qxb4 Qxd5 12. Qc3 Bg4 13. Qxh8+ Ke7 14. Ne2
Bxe2 15. Kxe2 Nc6 16. Qc3 Rd8 17. Be3 Qh5+ 18. f3 exf3+ 19. gxf3 Ne5 20. Bd4
Rxd4 21. Qxd4 Qxf3+ 22. Kd2 Qg2+ 23. Kc3 Qf3+ 24. Kc2 Qg2+ 25. Kb3 Qf3+ 26. Ka4
Qc6+ 27. Ka3 Qa6+ 28. Qa4 Qd3+ 29. b3 b5 30. Qxa7+ Kf6 31. Rhf1+ Kg7 32. Rac1
Qd6+ 33. Qc5 Qa6+ 34. Kb2 Nd3+ 35. Kb1 Nxc5 36. Rxc5 b4 37. Rfc1 Qd3+ 38. Kb2
Qd4+ 39. Kb1 f5 40. Rc7+ Kh6 41. R1c4 Qg1+ 42. Kc2 Qxh2+ 43. Kd3 f4 44. Rf7
Qxa2 45. Rxb4 Qb1+ 46. Kd2 g5 47. Rb6+ Kh5 48. Rbb7 Qb2+ 49. Kd3 Kg4 50. Rb5 f3
51. Kc4 f2 52. Rbf5 Qc2+ 53. Kd4 0-1

[Event "Split Open 2017"]
[Site "Split CRO"]
[Date "2017.08.22"]
[Round "4.10"]
[White "Piskur, Mitja"]
[Black "Marn, Jan"]
[Result "1/2-1/2"]
[WhiteElo "2308"]
[BlackElo "2146"]
[PlyCount "100"]
[EventDate "2017.08.20"]
[EventType "swiss"]
[EventRounds "9"]
[EventCountry "CRO"]
[SourceTitle "Ajedrez en Madrid"]
[Source "lmi"]
[SourceDate "2017.08.20"]
[SourceVersion "1"]
[SourceVersionDate "2018.03.10"]
[SourceQuality "1"]

1. Nf3 d5 2. d3 Nf6 3. Nbd2 g6 4. g3 Bg7 5. Bg2 O-O 6. O-O Nc6 7. c3 e5 8. e4
dxe4 9. dxe4 a5 10. Qc2 b6 11. Rd1 Ba6 12. Nc4 Qe7 13. Ne3 Rad8 14. Nd5 Nxd5
15. exd5 Nb8 16. Bg5 f6 17. Be3 Bc8 18. c4 Na6 19. a3 Bg4 20. Re1 Nc5 21. Nh4
f5 22. b4 Nd7 23. c5 e4 24. Rac1 g5 25. f3 Bh5 26. Nxf5 Rxf5 27. fxe4 Rf7 28.
Rf1 axb4 29. axb4 bxc5 30. bxc5 Rdf8 31. Rxf7 Bxf7 32. Qd2 h6 33. c6 Ne5 34.
Bc5 Qf6 35. Rf1 Qg6 36. Bxf8 Bxf8 37. Rf5 Bd6 38. Qf2 Qg7 39. Qe2 Bg6 40. Rf1
Kh7 41. Bh3 g4 42. Bxg4 Nxg4 43. Qxg4 Qd4+ 44. Kg2 Bxe4+ 45. Rf3 Bxf3+ 46. Qxf3
Qb2+ 47. Kh3 Qg7 48. Qf5+ Kg8 49. Qc8+ Kf7 50. Qe6+ Kf8 1/2-1/2

[Event "Split Open 2017"]
[Site "Split CRO"]
[Date "2017.08.23"]
[Round "5.1"]
[White "Martinovic, Sasa"]
[Black "Srbis, Jurica"]
[Result "1/2-1/2"]
[WhiteElo "2570"]
[BlackElo "2417"]
[PlyCount "66"]
[EventDate "2017.08.20"]
[EventType "swiss"]
[EventRounds "9"]
[EventCountry "CRO"]
[SourceTitle "Ajedrez en Madrid"]
[Source "lmi"]
[SourceDate "2017.08.20"]
[SourceVersion "1"]
[SourceVersionDate "2018.03.10"]
[SourceQuality "1"]

1. d4 d5 2. c4 c6 3. Nf3 Nf6 4. Nc3 a6 5. cxd5 cxd5 6. Bf4 Nc6 7. Rc1 e6 8. e3
Be7 9. Bd3 O-O 10. Ne5 Nxe5 11. dxe5 Nd7 12. Bb1 Re8 13. O-O Qa5 14. e4 Nb6 15.
Qd4 Bd7 16. Be3 Na4 17. exd5 Nxc3 18. Rxc3 Qxd5 19. Be4 Qxd4 20. Bxd4 Bb5 21.
Rfc1 Bg5 22. Be3 Bxe3 23. fxe3 Rab8 24. Rc7 b6 25. b3 Red8 26. Kf2 g5 27. a4
Bd3 28. Kf3 a5 29. g4 Bxe4+ 30. Kxe4 b5 31. h3 bxa4 32. bxa4 Kg7 33. R1c4 Rb6
1/2-1/2

[Event "Split Open 2017"]
[Site "Split CRO"]
[Date "2017.08.23"]
[Round "5.2"]
[White "Muha, Miljenko"]
[Black "Saric, Ante"]
[Result "0-1"]
[WhiteElo "2252"]
[BlackElo "2538"]
[PlyCount "104"]
[EventDate "2017.08.20"]
[EventType "swiss"]
[EventRounds "9"]
[EventCountry "CRO"]
[SourceTitle "Ajedrez en Madrid"]
[Source "lmi"]
[SourceDate "2017.08.20"]
[SourceVersion "1"]
[SourceVersionDate "2018.03.10"]
[SourceQuality "1"]

1. d4 Nf6 2. Nf3 d5 3. Bf4 c5 4. e3 Nc6 5. Be2 Bg4 6. Nbd2 e6 7. c3 Bd6 8. Bg3
O-O 9. Qb3 cxd4 10. exd4 Rb8 11. a4 Ne4 12. Bd3 f5 13. Bxd6 Qxd6 14. h3 Bh5 15.
O-O a6 16. Rae1 b5 17. axb5 axb5 18. Qc2 Rfc8 19. Rc1 b4 20. cxb4 Qxb4 21. Ba6
Nxd4 22. Qxc8+ Rxc8 23. Rxc8+ Kf7 24. Rc7+ Kf6 25. Nxe4+ fxe4 26. Nxd4 Qxd4 27.
Rb7 Qa4 28. Bb5 Qb3 29. Bc6 Qc2 30. Bd7 d4 31. Rb6 Bf7 32. Rb4 Qc5 33. Ra4 Ke7
34. Rd1 e5 35. Bf5 Bb3 36. Raa1 Bxd1 37. Rxd1 Qc2 38. Re1 g6 39. Bxe4 Qxb2 40.
f3 Kf6 41. h4 Qd2 42. Rb1 Qf4 43. Rb6+ Kg7 44. h5 Qc1+ 45. Kf2 Qe3+ 46. Kf1 d3
47. Rb7+ Kh6 48. hxg6 d2 49. Rb1 hxg6 50. Rd1 Kh5 51. g3 g5 52. Rb1 g4 0-1